Memoria dirigida al senado por el Capitán General Fernando Primo de Rivera y Sobremonte acerca de su gestión en Filipinas (Record no. 162584)

MARC details
000 -LEADER
campo de control de longitud fija 01139nam a2200241 i 4500
001 - NÚMERO DE CONTROL
campo de control 162584
003 - IDENTIFICADOR DE NÚMERO DE CONTROL
campo de control ES-MaACL
005 - FECHA Y HORA DE LA ÚLTIMA TRANSACCIÓN
campo de control 20230906212547.0
008 - DATOS DE LONGITUD FIJA--INFORMACIÓN GENERAL
campo de control de longitud fija 991104s1898 sp ab |||| |dspa d
040 ## - FUENTE DE CATALOGACIÓN
Centro catalogador/agencia de origen CCPB | B
Lengua de catalogación spa
Centro/agencia transcriptor CCPB | B
080 ## - NÚMERO DE LA CLASIFICACIÓN DECIMAL UNIVERSAL
Número de la Clasificación Decimal Universal 929 Primo de Rivera y Sobremonte, Fernando, Marqués de Estella
080 ## - NÚMERO DE LA CLASIFICACIÓN DECIMAL UNIVERSAL
Número de la Clasificación Decimal Universal 94(599)"1898"
100 1# - ENTRADA PRINCIPAL--NOMBRE DE PERSONA
Nombre de persona Primo de Rivera y Sobremonte, Fernando,
Títulos y otros términos asociados al nombre Marqués de Estella,
Fechas asociadas al nombre 1831-1921
9 (RLIN) 93972
245 10 - MENCIÓN DEL TÍTULO
Título Memoria dirigida al senado por el Capitán General Fernando Primo de Rivera y Sobremonte acerca de su gestión en Filipinas
Resto del título : agosto de 1898 /
Mención de responsabilidad, etc. por Fernando Primo de Rivera y Sobremonte.
260 ## - PUBLICACIÓN, DISTRIBUCIÓN, ETC.
Lugar de publicación, distribución, etc. Madrid :
Nombre del editor, distribuidor, etc. [s.n.],
Fecha de publicación, distribución, etc. 1898 (
Fabricante Imp. y Litografía del Depósito de la Guerra)
300 ## - DESCRIPCIÓN FÍSICA
Extensión 196 p., [1] h. pleg. de mapa ;
Dimensiones 20 cm.
530 ## - NOTA DISPONIBLE DE FORMULARIO FÍSICO ADICIONAL
Nota de formato físico adicional disponible Disponible en formato digital.
599 ## - NOTA A LAS ILUSTRACIONES
NOTA A LAS ILUSTRACIONES La h. pleg. es un mapa de Filipinas.
651 #4 - PUNTO DE ACCESO ADICIONAL DE MATERIA--NOMBRE GEOGRÁFICO
Nombre geográfico Filipinas-
Subdivisión general Historia-
Subdivisión cronológica 1896-1898, Insurrección.
9 (RLIN) 155351
852 ## - LOCALIZACIÓN
Ubicación ES-MaACL
Número de control de estantería F-14301
Nota libre -- Enc. hol.
856 ## - LOCALIZACIÓN Y ACCESO ELECTRÓNICOS
Identificador Uniforme de Recursos <a href="http://bdh-rd.bne.es/viewer.vm?id=0000056155&page=1| ">http://bdh-rd.bne.es/viewer.vm?id=0000056155&page=1| </a>
Nota pública Biblioteca Digital Hispánica
Holdings
Estatus retirado Estado de pérdida Estado de daño No para préstamo Colección Biblioteca de origen Biblioteca actual Ubicación en estantería Fecha de adquisición Fuente de adquisición Total de préstamos Signatura topográfica completa Código de barras Visto por última vez Precio de reemplazo Tipo de ítem Koha
        Colección digital Biblioteca del Ateneo de Madrid Biblioteca del Ateneo de Madrid Sala Pecera Planta 2 17/01/2008     F-14301 1170328 23/02/2023 23/02/2023 Libro impreso antiguo